LDR 00697naa#a2200169#i#450# 001 EN\\bibl\122931 005 20260601064252.1 011 ## _a2686-9896 100 ## _a20260515b2026####ek#y0engy0150####ca 102 ## _aRU 200 1# _aGENERATOR OF VIBRATION AND PULSATION OF THE FLOW OF A COMPRESSIBLE MEDIUM _eJournal article 210 1# _aAngarsk _cFederal State Funded Educational Establishment of Higher Education «Angarsk State Technical University» _d2026 215 ## _a1 с. 608 ## _aJournal article _2local 675 ## _aНаука в целом. Науковедение. Организация умственного труда. 001 _z 700 #1 _aCherepanov _gAnatoliy Petrovich 856 4# _aangtu.editorum.ru _u